GETS Theological Seminary Library

野地百合花: (Record no. 16312)

MARC details
000 -LEADER
fixed length control field 00617nam a2200205Ia 4500
008 - FIXED-LENGTH DATA ELEMENTS--GENERAL INFORMATION
fixed length control field 200824s9999||||xx |||||||||||||| ||und||
020 ## - INTERNATIONAL STANDARD BOOK NUMBER
International Standard Book Number 9579642206
020 ## - INTERNATIONAL STANDARD BOOK NUMBER
International Standard Book Number 9789579642200
041 ## - LANGUAGE CODE
Language code of text/sound track or separate title chi
050 ## - LIBRARY OF CONGRESS CALL NUMBER
Classification number BR1296
Item number .Y44 1995
100 ## - MAIN ENTRY--PERSONAL NAME
Personal name 趙天恩
245 #0 - TITLE STATEMENT
Title 野地百合花:
Remainder of title 來自中國大陸的見證 /
Statement of responsibility, etc. 趙天恩
246 ## - VARYING FORM OF TITLE
Title proper/short title 野地百合花 :
Remainder of title 来自中国大陆的见证/
260 ## - PUBLICATION, DISTRIBUTION, ETC.
Place of publication, distribution, etc. 台北市 :
Name of publisher, distributor, etc. 中福出版有限公司,
Date of publication, distribution, etc. 1995
300 ## - PHYSICAL DESCRIPTION
Extent 172 p.
Other physical details ;
Dimensions 21 cm.
650 ## - SUBJECT ADDED ENTRY--TOPICAL TERM
Topical term or geographic name entry element Christian biography China.
650 ## - SUBJECT ADDED ENTRY--TOPICAL TERM
Topical term or geographic name entry element Christian biography.
650 ## - SUBJECT ADDED ENTRY--TOPICAL TERM
Topical term or geographic name entry element Persecution China.
Holdings
Withdrawn status Lost status Damaged status Not for loan Home library Current library Shelving location Date acquired Total Checkouts Full call number Barcode Date last seen Date last checked out Price effective from Koha item type
        GETS Theological Seminary Library GETS Theological Seminary Library General Stacks 08/24/2020 1 BR1296 .Y44 1995 00004449 11/29/2022 11/21/2022 08/24/2020 Chinese Book
OpacCredits

Contact the Librarian, GETS Library
Email: library@mygets.org









Implemented by GETS Library
(Powered by ETCA Professional Group)
GETS Theological Seminary
412 E. Rowland Street, CA 91723